[Event "AZE-ch 1st League"]
[Site "Baku"]
[Date "2025.01.09"]
[Round "4"]
[White "Rzayev, Chingiz Qafar Oglu"]
[Black "Halafov, Ilgar"]
[Result "1-0"]
[WhiteElo "2153"]
[BlackElo "1990"]
[PlyCount "101"]
[EventDate "2025.01.06"]
[EventType "swiss"]
[EventRounds "9"]
[EventCountry "AZE"]
[SourceTitle "CB03_2025"]
[SourceDate "2025.01.15"]
[SourceVersion "1"]
[SourceVersionDate "2025.01.15"]
[SourceQuality "1"]

1. d4 Nf6 2. Bg5 c5 3. Bxf6 exf6 4. d5 d6 5. e3 g6 6. Nd2 Bg7 7. Ngf3 0-0 8. Be2 Nd7 9. 0-0 Ne5 10. a4 Qc7 11. Ne1 f5 12. c3 Re8 13. h3 Rb8 14. Nc2 b6 15. Bb5 Re7 16. f4 Nd7 17. Qf3 Nf6 18. Rfe1 Ne4 19. Nxe4 fxe4 20. Qe2 f5 21. Na3 Bd7 22. Bxd7 Qxd7 23. Qb5 Qb7 24. a5 Qxd5 25. Red1 Qe6 26. Qc6 d5 27. Qxe6+ Rxe6 28. Rxd5 b5 29. Rxc5 b4 30. Nb5 bxc3 31. bxc3 Bf8 32. Rd5 Rc6 33. Nxa7 Rxc3 34. Nb5 Rc5 35. Rxc5 Bxc5 36. Nd4 Ra8 37. a6 Kf7 38. Kf2 Bxd4 39. exd4 Ke6 40. g4 Ra7 41. Ke3 Kd6 42. gxf5 gxf5 43. Ra5 Ke6 44. h4 Kf6 45. h5 Ke6 46. d5+ Kd6 47. Kd4 h6 48. Ra3 Kc7 49. Ke5 e3 50. Rxe3 Rxa6 51. Rg3 1-0

[Event "AZE-ch 1st League"]
[Site "Baku"]
[Date "2025.01.08"]
[Round "3"]
[White "Halafov, Ilgar"]
[Black "Idrisov, Tebriz Arif Oglu"]
[Result "1-0"]
[WhiteElo "1990"]
[BlackElo "2073"]
[PlyCount "191"]
[EventDate "2025.01.06"]
[EventType "swiss"]
[EventRounds "9"]
[EventCountry "AZE"]
[SourceTitle "CB03_2025"]
[SourceDate "2025.01.15"]
[SourceVersion "1"]
[SourceVersionDate "2025.01.15"]
[SourceQuality "1"]

1. d4 c5 2. c3 Nf6 3. Nf3 e6 4. Bf4 Nh5 5. Bg5 Qb6 6. Qc2 h6 7. Bd2 Nc6 8. e3 d6 9. Bd3 Bd7 10. 0-0 Rc8 11. a3 Be7 12. Bc1 0-0 13. Nbd2 a5 14. Qd1 Qc7 15. Re1 cxd4 16. exd4 Nf4 17. Bc2 b5 18. Ne4 Ng6 19. Ng3 d5 20. Qd3 f5 21. Bd2 a4 22. Re2 Na5 23. Rae1 Nc4 24. Bc1 Bd6 25. Nh5 Rf7 26. Qd1 Rcf8 27. Bd3 Re8 28. Qc2 Qd8 29. Qd1 Nh4 30. Ne5 Nxe5 31. dxe5 Bc5 32. Rc2 Bc6 33. Bf1 Ref8 34. Nf4 Re8 35. Be3 Bf8 36. f3 g5 37. Nh5 Ng6 38. Bd4 Qc7 39. Rce2 Kh8 40. Qd2 Bg7 41. g3 Bd7 42. Kg2 Qd8 43. Qd3 Ne7 44. Kg1 Nc6 45. Nxg7 Kxg7 46. Qe3 f4 47. Qd3 fxg3 48. hxg3 Ne7 49. Bh3 Qc7 50. Rf2 Qc4 51. Qd2 Nf5 52. Bf1 Qc7 53. Kg2 Ref8 54. Bd3 Be8 55. Qe2 Qc6 56. Rh1 Rb7 57. f4 Qc7 58. fxg5 Bg6 59. gxh6+ Kg8 60. g4 Nxd4 61. Rxf8+ Kxf8 62. cxd4 Qh7 63. Rf1+ Kg8 64. Qf3 Rb8 65. Bxg6 Qxg6 66. Kg3 Kh7 67. Qf7+ Qxf7 68. Rxf7+ Kxh6 69. Rf6+ Kg5 70. Rxe6 b4 71. Rd6 bxa3 72. bxa3 Rb3+ 73. Kf2 Rxa3 74. Rxd5 Rb3 75. Ra5 a3 76. Ke2 Rh3 77. e6+ Kf6 78. d5 a2 79. g5+ Ke7 80. Kd2 Rh1 81. Ra7+ Kd6 82. e7 a1Q 83. Rxa1 Rh2+ 84. Ke3 Kxe7 85. Kf4 Kd6 86. Rd1 Rf2+ 87. Kg4 Rg2+ 88. Kf5 Rf2+ 89. Kg6 Rg2 90. Kf6 Rf2+ 91. Kg7 Rg2 92. g6 Rg3 93. Kf7 Rf3+ 94. Kg8 Rg3 95. g7 Rg2 96. Rh1 1-0

[Event "EU-Cup 39th"]
[Site "Vrnjacka Banja"]
[Date "2024.10.22"]
[Round "3.2"]
[White "Olsen, William Alexander"]
[Black "Halafov, Ilgar"]
[Result "0-1"]
[WhiteElo "2145"]
[BlackElo "1989"]
[PlyCount "70"]
[EventDate "2024.10.20"]
[EventType "team-swiss"]
[EventRounds "7"]
[EventCountry "SRB"]
[SourceTitle "CB44_2024"]
[Source "Chessbase"]
[SourceDate "2024.10.30"]
[SourceVersion "1"]
[SourceVersionDate "2024.10.30"]
[SourceQuality "1"]
[WhiteTeam "Baerum"]
[BlackTeam "Bonnevoie Gambit II"]
[WhiteTeamCountry "NOR"]
[BlackTeamCountry "LUX"]

1. d4 Nf6 2. c4 g6 3. Nc3 Bg7 4. e4 d6 5. Be2 0-0 6. Be3 e5 7. d5 Na6 8. g4 Nc5 9. f3 a5 10. h4 h5 11. g5 Ne8 12. Nh3 Bd7 13. Qd2 a4 14. Nf2 Qe7 15. Nd3 Kh7 16. 0-0-0 b6 17. Rdg1 Rg8 18. Qd1 Rh8 19. Nb4 f5 20. gxf6 Nxf6 21. Rg2 Rhg8 22. Bg5 Qf7 23. Qd2 Raf8 24. Rhg1 Bh3 25. Rg3 Bd7 26. Nd3 Nxd3+ 27. Bxd3 Qe8 28. Qg2 Bh8 29. Bd2 Qf7 30. Ne2 Be8 31. Rg5 Nd7 32. f4 Bf6 33. f5 gxf5 34. exf5 Nc5 35. Bc2 e4 0-1

[Event "EU-Cup 39th"]
[Site "Vrnjacka Banja"]
[Date "2024.10.21"]
[Round "2.2"]
[White "Diermair, Andreas"]
[Black "Halafov, Ilgar"]
[Result "1-0"]
[WhiteElo "2429"]
[BlackElo "1989"]
[PlyCount "63"]
[EventDate "2024.10.20"]
[EventType "team-swiss"]
[EventRounds "7"]
[EventCountry "SRB"]
[SourceTitle "CB44_2024"]
[Source "Chessbase"]
[SourceDate "2024.10.30"]
[SourceVersion "1"]
[SourceVersionDate "2024.10.30"]
[SourceQuality "1"]
[WhiteTeam "Raika Feffernitz"]
[BlackTeam "Bonnevoie Gambit II"]
[WhiteTeamCountry "AUT"]
[BlackTeamCountry "LUX"]

1. d4 Nf6 2. c4 d6 3. Nc3 g6 4. e4 Bg7 5. h3 0-0 6. Be3 e5 7. d5 c6 8. g4 cxd5 9. cxd5 Na6 10. Nge2 Nc5 11. Ng3 a5 12. Be2 Bd7 13. h4 a4 14. f3 b5 15. h5 b4 16. Nb1 Ne8 17. Qd2 Rb8 18. Bf1 Qe7 19. Qh2 g5 20. h6 Bf6 21. Nd2 Kh8 22. Nc4 Rg8 23. Rc1 Rc8 24. Qd2 b3 25. a3 Qf8 26. Nb6 Rc7 27. Nxd7 Rxd7 28. Nf5 Be7 29. Bb5 Rd8 30. Rc4 Ra8 31. Kf2 Nf6 32. Kg2 1-0

[Event "Piestany Slovakia op-A"]
[Site "Piestany"]
[Date "2024.07.16"]
[Round "8"]
[White "Halafov, Ilgar"]
[Black "Bochnicka, Vladimir1"]
[Result "0-1"]
[WhiteElo "1989"]
[BlackElo "2376"]
[PlyCount "124"]
[EventDate "2024.07.09"]
[EventType "swiss"]
[EventRounds "9"]
[EventCountry "SVK"]
[SourceTitle "EXT 2025"]
[Source "ChessBase"]
[SourceDate "2024.10.14"]
[SourceVersion "1"]
[SourceVersionDate "2024.10.14"]
[SourceQuality "1"]

1. d4 Nf6 2. Bf4 g6 3. e3 Bg7 4. c3 0-0 5. h3 d6 6. Nf3 Nfd7 7. Bc4 e5 8. dxe5 dxe5 9. Bg5 Qe8 10. 0-0 h6 11. Bh4 e4 12. Nd4 c6 13. Nd2 Kh7 14. Qc2 Nb6 15. Bb3 c5 16. Ne2 f5 17. Bg3 N8d7 18. a4 Ne5 19. a5 Nbd7 20. Nf4 Nf6 21. Nc4 Nxc4 22. Bxc4 Bd7 23. Rfd1 Rc8 24. Rd2 Kh8 25. Qb3 g5 26. Ne6 Bxe6 27. Bxe6 c4 28. Bxc4 f4 29. exf4 e3 30. Re2 gxf4 31. Bh4 Ne4 32. fxe3 f3 33. gxf3 Rxf3 34. Rg2 Nc5 35. Qc2 Rxh3 36. Rxg7 Kxg7 37. Qg2+ Qg6 38. Qxg6+ Kxg6 39. Bf2 Rh5 40. Bg3 Rg5 41. Kh2 Rd8 42. Bf4 Rd2+ 43. Kh3 Rf5 44. b3 Ne4 45. Rg1+ Ng5+ 46. Kg4 Kf6 47. e4 h5+ 48. Kxh5 Nxe4+ 49. Kg4 Rd8 50. Be3 Rxa5 51. Bd4+ Rxd4 52. cxd4 Rg5+ 53. Kf3 Rxg1 54. Kxe4 Ke7 55. Bd5 b6 56. Kd3 Kd6 57. Bb7 b5 58. Kc3 a5 59. Ba6 Kc6 60. Bc8 Rg3+ 61. Kc2 Kd5 62. Bd7 b4 0-1

[Event "Piestany Slovakia op-A"]
[Site "Piestany"]
[Date "2024.07.13"]
[Round "5"]
[White "Bhavik, Ahuja"]
[Black "Halafov, Ilgar"]
[Result "1-0"]
[WhiteElo "2166"]
[BlackElo "1989"]
[PlyCount "71"]
[EventDate "2024.07.09"]
[EventType "swiss"]
[EventRounds "9"]
[EventCountry "SVK"]
[SourceTitle "EXT 2025"]
[Source "ChessBase"]
[SourceDate "2024.10.14"]
[SourceVersion "1"]
[SourceVersionDate "2024.10.14"]
[SourceQuality "1"]

1. e4 c6 2. d4 d5 3. Nc3 dxe4 4. Nxe4 Nf6 5. Nxf6+ exf6 6. c3 Bd6 7. Bd3 0-0 8. Ne2 Qc7 9. Qc2 h5 10. Be3 a5 11. h3 a4 12. 0-0 h4 13. c4 c5 14. d5 Re8 15. Nc3 Bd7 16. Qe2 g6 17. Ne4 Kg7 18. Qf3 f5 19. Nxd6 Qxd6 20. Bg5 a3 21. b3 Na6 22. Bxh4 Nb4 23. Bg5 Nxd3 24. Qxd3 f6 25. Bd2 f4 26. Rae1 Bf5 27. Qf3 g5 28. Re2 Rxe2 29. Qxe2 Re8 30. Qh5 Bd7 31. Bc3 b5 32. Qxg5+ Kf7 33. Qh5+ Kf8 34. cxb5 Bxb5 35. Rd1 Kg8 36. Qg6+ 1-0

[Event "Calvia U2000 opA"]
[Site "Mallorca"]
[Date "2004.10.26"]
[Round "6"]
[White "Mercant Simo, Jaime"]
[Black "Halafov, Ilgar"]
[Result "0-1"]
[WhiteElo "2108"]
[BlackElo "2125"]
[PlyCount "74"]
[EventDate "2004.10.22"]
[EventType "swiss"]
[EventRounds "9"]
[EventCountry "ESP"]
[SourceTitle "EXT 2005"]
[Source "ChessBase"]
[SourceDate "2004.11.15"]
[SourceVersion "1"]
[SourceVersionDate "2004.11.15"]
[SourceQuality "1"]

1. e4 c5 2. Nf3 Nc6 3. d4 cxd4 4. Nxd4 Nf6 5. Nc3 e5 6. Ndb5 d6 7. Bg5 a6 8. Na3 b5 9. Bxf6 gxf6 10. Nd5 Bg7 11. c3 Ne7 12. Nc2 Nxd5 13. Qxd5 Rb8 14. Rd1 Bb7 15. Qd3 f5 16. exf5 d5 17. Qg3 0-0 18. Be2 Kh8 19. 0-0 Qf6 20. Qh3 Rg8 21. Bf3 Rbd8 22. Ne3 e4 23. Be2 b4 24. f3 bxc3 25. Ng4 Qxf5 26. fxe4 Qg6 27. exd5 f5 28. Ne3 cxb2 29. Bd3 Bd4 30. Rf2 Rg7 31. Bxf5 Qb6 32. Rf3 Bxd5 33. Rg3 Bxe3+ 34. Rxe3 Bxg2 35. Rxd8+ Qxd8 36. Qxg2 Qd1+ 37. Kf2 Qd2+ 0-1

[Event "Calvia U2000 opA"]
[Site "Mallorca"]
[Date "2004.10.24"]
[Round "4"]
[White "Halafov, Ilgar"]
[Black "Videnova, Iva"]
[Result "1/2-1/2"]
[WhiteElo "2125"]
[BlackElo "1993"]
[PlyCount "127"]
[EventDate "2004.10.22"]
[EventType "swiss"]
[EventRounds "9"]
[EventCountry "ESP"]
[SourceTitle "EXT 2005"]
[Source "ChessBase"]
[SourceDate "2004.11.15"]
[SourceVersion "1"]
[SourceVersionDate "2004.11.15"]
[SourceQuality "1"]

1. d4 c5 2. Nf3 cxd4 3. Nxd4 g6 4. g3 Bg7 5. Bg2 Nc6 6. Nb3 Nf6 7. e4 0-0 8. 0-0 d6 9. Nc3 Be6 10. h3 Rc8 11. f4 Nd7 12. Nd5 Nc5 13. Kh2 a5 14. c3 b5 15. Nxc5 dxc5 16. Be3 Nb8 17. Qc2 Bxd5 18. exd5 c4 19. Rfe1 Qd6 20. Re2 Nd7 21. Rae1 h5 22. Qd2 Rfe8 23. Bf3 b4 24. Kg2 a4 25. Bd4 Bxd4 26. Qxd4 a3 27. f5 b3 28. bxa3 Qxa3 29. axb3 cxb3 30. fxg6 fxg6 31. c4 Qb4 32. Re6 Nf6 33. Qd3 Kg7 34. d6 exd6 35. Re7+ Rxe7 36. Rxe7+ Kf8 37. Rb7 Qxc4 38. Qxd6+ Kg8 39. Qe7 Qc2+ 40. Be2 Qe4+ 41. Qxe4 Nxe4 42. Rxb3 Rc2 43. Re3 Nc3 44. Kf3 Kf7 45. Bc4+ Kf6 46. Re6+ Kg7 47. Bd3 Rh2 48. Rxg6+ Kf7 49. Rc6 Nd1 50. h4 Rf2+ 51. Ke4 Kg7 52. Ke5 Rf3 53. Rc7+ Kf8 54. Rc8+ Ke7 55. Bg6 Rxg3 56. Bxh5 Nf2 57. Rc7+ Kd8 58. Rh7 Ra3 59. Bf7 Ng4+ 60. Kd6 Ra6+ 61. Kc5 Rf6 62. Bd5 Nh6 63. h5 Ke8 64. Kd4 1/2-1/2